Романы и повести Виктора Пелевина - Statistics

General Stats
  • This quiz has been taken 22 times
  • The average score is 12 of 29
Answer Stats
Год Произведение Форма % Correct
1999 Generation "П" роман
95%
2009 t роман
95%
1996 Чапаев и Пустота роман
84%
1991 Омон Ра роман
74%
2006 Empire V роман
74%
2017 iPhuck 10 роман
74%
2021 Transhumanism, Inc. роман
74%
2022 KGBT+ роман
68%
1993 Жизнь насекомых роман
53%
2003 Числа роман
47%
2018 Тайные виды на гору Фудзи роман
37%
2023 Путешествие в Элевсин роман
37%
2011 S.N.U.F.F. роман
37%
2020 Непобедимое Солнце роман
32%
1990 Затворник и Шестипалый повесть
26%
2004 Священная книга оборотня роман
26%
2013 Batman Apollo роман
26%
1993 Жёлтая стрела повесть
21%
2003 Македонская критика французской мысли повесть
21%
2005 Шлем ужаса: Креатифф о Тесее и Минотавре роман
21%
2015 Смотритель роман
21%
1991 Принц Госплана повесть
16%
2008 Зал поющих кариатид повесть
16%
2014 Любовь к трём цукербринам роман
16%
2016 Лампа Мафусаила, или Крайняя битва чекистов с масонами роман
16%
2019 Иакинф повесть
16%
2019 Искусство лёгких касаний повесть
16%
2010 Операция "Burning Bush" повесть
16%
2010 Зенитные кодесы Аль-Эфесби повесть
11%
No matching quizzes found
Score Distribution
Percent of People with Each Score
Percentile by Number Answered
Your Score History
You have not taken this quiz